000 00269nam a2200121Ia 4500
008 241002s9999 xx 000 0 und d
082 _a156.5 KAT
100 _aKatz David
245 0 _aAnimals and Men
260 _aLondon:
_c1953
600 _aPhilosophy
942 _cUC
999 _c18842
_d18842